书目信息 |
| 题名: |
土力学复习与习题
|
|
| 作者: | 钱建固 , 张陈蓉 , 袁聚云 编著 | |
| 分册: | ||
| 出版信息: | 北京 人民交通出版社股份有限公司 2016.12 |
|
| 页数: | 252页 | |
| 开本: | 26cm | |
| 丛书名: | ||
| 单 册: | ||
| 中图分类: | TU4 | |
| 科图分类: | ||
| 主题词: | 土力学--tu li xue--高等教育--教材 | |
| 电子资源: | ||
| ISBN: | 978-7-114-13566-8 | |
| 000 | 01259nam0 2200265 450 | |
| 001 | CAL 0120172160813 | |
| 005 | 20231218082332.59 | |
| 010 | @a978-7-114-13566-8@dCNY35.00 | |
| 100 | @a20170904d2016 em y0chiy50 ea | |
| 101 | 0 | @achi |
| 102 | @aCN@b110000 | |
| 105 | @aak a 000yy | |
| 200 | 1 | @a土力学复习与习题@Atu li xue fu xi yu xi ti@f钱建固, 袁聚云, 张陈蓉编著 |
| 210 | @a北京@c人民交通出版社股份有限公司@d2016.12 | |
| 215 | @a252页@c图@d26cm | |
| 320 | @a有书目 (第252页) | |
| 330 | @a本书为普通高等教育“十二五”国家级规划教材, 是配合土力学课程学习而编写的。本书对土的物理性质及工程分类、黏性土的物理化学性质、土中水的运动规律、土中应力计算、土的压缩性与地基沉降计算、土的抗剪强度、土压力计算、土坡稳定分析和地基承载力等土力学知识点进行系统地归纳和提炼, 便于读者复习。为巩固和提高读者所学的知识要点, 配备大量的选择题、判断题以及计算题等土力学习题, 同时对习题作了较详细的解答以供读者参考。 | |
| 333 | @a“十二五”普通高等教育本科国家级规划教材 高等学校土木工程专业规划教材 | |
| 606 | 0 | @a土力学@Atu li xue@x高等教育@j教材 |
| 690 | @aTU4@v5 | |
| 701 | 0 | @a钱建固@Aqian jian gu@4编著 |
| 701 | 0 | @a张陈蓉@Azhang chen rong@4编著 |
| 701 | 0 | @a袁聚云@Ayuan ju yun@4编著 |
| 801 | 0 | @aCN@b河南城建学院图书馆@c20170904 |
| 905 | @dTU4@eQ201@f2 | |
| 土力学复习与习题/钱建固, 袁聚云, 张陈蓉编著.-北京:人民交通出版社股份有限公司,2016.12 |
| 252页:图;26cm |
| 使用对象:“十二五”普通高等教育本科国家级规划教材 高等学校土木工程专业规划教材 |
| ISBN 978-7-114-13566-8:CNY35.00 |
| 本书为普通高等教育“十二五”国家级规划教材, 是配合土力学课程学习而编写的。本书对土的物理性质及工程分类、黏性土的物理化学性质、土中水的运动规律、土中应力计算、土的压缩性与地基沉降计算、土的抗剪强度、土压力计算、土坡稳定分析和地基承载力等土力学知识点进行系统地归纳和提炼, 便于读者复习。为巩固和提高读者所学的知识要点, 配备大量的选择题、判断题以及计算题等土力学习题, 同时对习题作了较详细的解答以供读者参考。 |
| ● |
| 相关链接 |
|
|
|
正题名:土力学复习与习题
索取号:TU4/Q201
 
预约/预借
| 序号 | 登录号 | 条形码 | 馆藏地/架位号 | 状态 | 备注 |
| 1 | 1317759 | 213177596 | 建筑库101/101建筑库 92排4列2层/ [索取号:TU4/Q201] | 在馆 | |
| 2 | 1317760 | 213177603 | 建筑库101/101建筑库 92排4列2层/ [索取号:TU4/Q201] | 在馆 | |
| 3 | 439364 | 204393646 | 建筑库101/101建筑库 92排4列2层/ [索取号:TU4/Q201] | 在馆 |